Pokemon sans évolution / prévolution (1ère génération) - Statistiques

Statistiques générales
  • Ce quiz a été pris 463 fois
  • Le résultat moyen est 20 sur 25
Statistiques - réponses
Nom du pokémon % Correct
151 Mew
97%
150 Mewtwo
97%
146 Sulfura
96%
144 Artikodin
94%
145 Électhor
91%
143 Ronflex
86%
124 Lippoutou
81%
126 Magmar
81%
125 Elektek
80%
128 Tauros
80%
123 Insécateur
79%
115 Kangourex
78%
131 Lokhlass
77%
127 Scarabrute
77%
142 Ptéra
75%
113 Leveinard
74%
95 Onix
74%
83 Canarticho
73%
132 Métamorph
70%
122 M. Mime
69%
137 Porygon
69%
114 Saquedeneu
67%
107 Tygnon
67%
106 Kicklee
66%
108 Excelangue
64%
Aucun quiz correspondant
Distribution des résultats
% des personnes avec chaque résultat
Percentile par nombre de réponses
Votre historique - résultats
Vous n’avez pas pris ce quiz